000 00665nam a2200217Ia 4500
003 GCL
008 140319s9999 xx 000 0 eng d
020 _a052142612X
040 _aGCL /
_cGCL
082 0 4 _a327.0904
_bB F
100 1 _aBOWKER, MIKE
245 1 0 _aFROM COLD WAR TO COLLAPSE :
_bTHEORY AND WORLD POLITICS IN 1980 'S /
_cBOWKER, MIKE
700 1 _aBROWN, ROBIN
260 _aانجلترا :
_bCAMBRIDGE UNIVERSITY PRESS ،
_c1992
300 _a83 CM ؛
_cX1, 183 P
490 _aCAMBRIDGE STUDIES IN INTERNATIONAL RELATIONS
_v0
650 0 4 _aINTERNATIONAL RELATIONS
650 0 4 _aWORLD POLITICS - 1945
650 0 4 _aCOLD WAR
942 _2ddc
_cBK
999 _c4638
_d4638